| 000 -CABECERA |
| fixed length control field |
00923nam a22002297a 4500 |
| 003 - IDENTIFICADOR DEL NÚMERO DE CONTROL |
| control field |
AR-CdUCM |
| 008 - DATOS DE LONGITUD FIJA--INFORMACIÓN GENERAL |
| fixed length control field |
190319b ||||| |||| 00| 0 spa d |
| 020 ## - NÚMERO INTERNACIONAL ESTÁNDAR DEL LIBRO |
| ISBN |
84-205-0433-5 |
| 040 ## - FUENTE DE LA CATALOGACIÓN |
| Agencia/entidad que catalogó originalmente la obra |
MUNICIPALIDAD PROVINCIAL DEL CUSCO |
| Entidad que transcribió la catalogación |
BIBLIOTECA MUNICIPAL DEL CUSCO |
| 082 ## - NÚMERO DE LA CLASIFICACIÓN DECIMAL DEWEY |
| No. de la edición |
2ed. |
| No. de Clasificación |
510 / |
| Notacion interna |
SI56 |
| 100 ## - ENTRADA PRINCIPAL--NOMBRE DE PERSONA |
| Nombre Personal |
Simons, S. |
| 245 ## - MENCIÓN DE TÍTULO |
| Título |
Análisis Vectorial / |
| 260 ## - PUBLICACIÓN, DISTRIBUCIÓN, ETC. |
| Lugar de publicación, distribución, etc. |
España : |
| Nombre de la editorial, distribuidor, etc. |
Alhambra ; |
| Fecha de publicación, distribución, etc. |
1973. |
| 300 ## - DESCRIPCIÓN FÍSICA |
| Nº de Páginas Extensión |
198 páginas ; |
| Otros detalles físicos |
Fórmulas, ilustraciones, diagramas |
| Dimensiones |
20cm |
| 440 ## - MENCIÓN DE SERIE/PUNTO DE ACCESO ADICIONAL--TÍTULO |
| Título |
Colección Exedra - Ciencia Técnica Ingeniería |
| Número de la parte/sección de una obra |
16 |
| 9 (RLIN) |
18928 |
| 505 ## - NOTA DE CONTENIDO CON FORMATO |
| Nota de contenido formateada |
Contenido: Producto de vectores -- Producto de tres o cuatro vectores -- Gradiente, divergencia y rotacional -- Integrales sobre una línea, de superficie y de volumen -- Teorema de integración... |
| 650 ## - PUNTO DE ACCESO ADICIONAL DE MATERIA--TÉRMINO DE MATERIA |
| Descriptor |
Matemáticas |
| 9 (RLIN) |
9398 |
| 700 ## - PUNTO DE ACCESO ADICIONAL--NOMBRE DE PERSONA |
| Nombre Personal |
González Sotos, Ignacio (traducción) |
| 9 (RLIN) |
18929 |
| 942 ## - ELEMENTOS DE PUNTO DE ACCESO ADICIONAL (KOHA) |
| Fuente de clasificación |
|
| Tipo de item |
Libros-BMC |
| 945 ## - PROCESAMIENTO DE INFORMACIÓN LOCAL (OCLC) |
| Catalogador |
nom |